1614 1601 1432 1044 1795 1026 1806 1454 1528 1882 1165 1946 1305 1992 1249 1968 1078 1128 1671 1249 1932 1039 1083 1181 1165 1867 1206 1532 1372 1325 1783 1484 1863 1372 1786 2000 1898 1455 1534 1592 1698 1029 1271 1417 1084 1264 1034 1729 1362 1430 1723 1866 1469 1602 1957 1702 1653 1559 1292 1567 1717 1244 1581 1649 1075 1091 1509 1419 1278 1981 1214 1889 1412 1791 1423 1081 1190 1892 1299 1714 1620 1173 1763 1106 1613 1274 1769 1694 1610 1886 1843 1172 1293 1804 1605 1967 1323 1353 1732 BCNSPRNW ULIB Ver.6.0+V

เปลี่ยนเป็นภาษาไทย

Change to English
 แสดงรายละเอียดบรรณานุกรม
  กลับหน้าหลัก

Brief Record : Get Marc (ISO 2709) : E-mail record : QR code < ปิดหน้าต่าง
LEADER : 00000nam 2200000uu 4500
001    13399108006
003     ULIB
008    110214s2547||||th 000 0 tha d
020    9747207826
060 04 WY160^bก492 2547
245 00 การพยาบาลสุขภาพจิตและจิตเวช /^cคณะผู้เขียน, ฉวี ธรรมสุข... [และคนอื่นๆ]
250    พิมพ์ครั้งที่ 1
260    กรุงเทพฯ :^bภาควิชาการพยาบาลจิตเวชศาสตร์ วิทยาลัยพยบาลสภากาชาดไทย,^c2547
300    242 หน้า ;^c30 ซม.
650  7 การพยาบาลจิตเวชศาสตร์
650  7 ผู้ป่วยจิตเวช^xการดูแล
650  7 สุขภาพจิต
700 0  ฉวี ธรรมสุข
710 2  วิทยาลัยพยาบาลสภากาชาดไทย. ^bภาควิชาการพยาบาลจิตเวชศาสตร์
945    ^p260^l0^i016985
995    เกษร
999 ^a ใช้งานได้ทุกระบบ
รายการนี้ยังไม่มีแท็ก
คุณยังไม่ได้ล็อกอิน คุณสามารถมีกิจกรรมร่วมกับเว็บไซต์ได้ แต่ต้องล็อกอินก่อน ::
  ล็อกอิน

รายการสื่อสารสนเทศ

ลำดับที่ ประเภท เลขเรียก/บาร์โค้ด สถานที่ สถานะ
1. วิทยาศาสตร์การแพทย์ และสุขภาพ
วิทยาศาสตร์การแพทย์ และสุขภาพ
สถานะ=หนังสือเก่า
WY160 ก492 2547 ฉ.1 
  Barcode: 016985
ห้องสมุดวิทยาเขตสวรรค์ประชารักษ์
►ส่วนจัดเก็บหนังสือเก่า สปร
บนชั้น
  ขอยืม

รายการใกล้เคียง
    หัวเรื่อง [การพยาบาลจิตเวชศาสตร์]
    หัวเรื่อง [สุขภาพจิต]

BibComment


ยังไม่เคยถูกคอมเมนท์

คอมเมนท์ทรัพยากรรายการนี้
  คอมเมนท์: การพยาบาลสุขภาพจิ..


 Copyright 2026. Bcnsprnw @Library